00481nam a22001337a 4500008004100000082001600041100001800057245006500075260007600140300000900216942001200225999001500237952009500252230619b xxu||||| |||| 00| 0 eng d a301.45bGHA cDharam P.ghai apotrait of a minoritybAsian in East Africacrevised Edition aNairobi, daresalaam, Lusaka, Addis AbababOxford university pressc1970 a227p 2ddccBK c1264d1264 00102ddc4070a002b002d2023-06-19l0o301.45 GHAp10000133r2023-06-19w2023-06-19yBK